00808nam a2200241 a 4500001001300000003000900013005001700022008004100039020002300080082001800103100002800121245004800149260003900197300000900236500003500245505006500280650002700345700002800372902000800400942000700408952013400415999001700549nice12345678IN_TiNIC20260116013324.0050524s1992 dela grp 000 0 eng  a8185233 c10000a297.1226bFAZ aFazlur Rahman, Muhammad aIslam and Chirstianity in the Modern World. aDelhibNoor Publishing Housec1992 a221p aincludes index and biblioraphy2 aQuranic view of Christianity in the light of modern research aQuran and Christianity1 aFazlur Rahman, Muhammad bSRS cBK 001040708StackRoom-aHMIbHMId2008-04-09g100.00l2m2o297.1226 FAZp015685r2017-06-23s2016-04-07v100.00w2005-05-24yBK c10555d10555